Українсько-англійський словник (Запис № 279762)

МАРК-запис
000 -LEADER
fixed length control field 00660nam a22001697a 4500
041 ## - LANGUAGE CODE
Language code of text/sound track or separate title eng
080 ## - UNIVERSAL DECIMAL CLASSIFICATION NUMBER
Universal Decimal Classification number 81.2
090 ## - LOCALLY ASSIGNED LC-TYPE CALL NUMBER (OCLC); LOCAL CALL NUMBER (OCLC)
Local cutter number (OCLC) ; Book number/undivided call number, CALL (RLIN) ЖЛУ
100 ## - MAIN ENTRY--PERSONAL NAME
Personal name Жлуктенко, Ю.О.
245 ## - TITLE STATEMENT
Title Українсько-англійський словник
250 ## - EDITION STATEMENT
Edition statement 2
260 ## - PUBLICATION, DISTRIBUTION, ETC. (IMPRINT)
Place of publication, distribution, etc Київ
Name of publisher, distributor, etc Радянська школа
Date of publication, distribution, etc 1984
300 ## - PHYSICAL DESCRIPTION
Extent 445
520 ## - SUMMARY, ETC.
Summary, etc Словарь содержит около 20 000 наиболее употребительных английских слов и словосочетаний, достаточных для понимания текстов средней трудности.
650 ## - SUBJECT ADDED ENTRY--TOPICAL TERM
Topical term or geographic name as entry element Reference
942 ## - ADDED ENTRY ELEMENTS (KOHA)
Koha item type Книги
Фонди
Withdrawn status Lost status Source of classification or shelving scheme Damaged status Not for loan Home library Current library Date acquired Source of acquisition Coded location qualifier Cost, normal purchase price Total Checkouts Full call number Barcode Date last seen Price effective from Koha item type
    Universal Decimal Classification     ВІЛ - Відділ іноземн. літератури НБ ВІЛ - Відділ іноземн. літератури НБ 08/08/2005 Акт № 5\05 А75 5.00   81.2 204394 30/11/2021 26/12/2005 Книги
    Universal Decimal Classification     ВІЛ - Відділ іноземн. літератури НБ ВІЛ - Відділ іноземн. літератури НБ 26/12/2005 Акт № 5\05 А75 5.00   81.2 210970 30/11/2021 26/12/2005 Книги
    Universal Decimal Classification     ВІЛ - Відділ іноземн. літератури НБ ВІЛ - Відділ іноземн. літератури НБ 26/12/2005 Акт № 5\05 А75 5.00   81.2 210971 30/11/2021 26/12/2005 Книги